'O' Entertainment Images Quiz Stats

 Plays Quiz Updated Apr 20, 2018

Score 0/25 Timer 04:00
15 Plays Today
% Correct
Oreo
97%
Oprah Winfrey
97%
Onion Rings
95.5%
Oysters
90.2%
Olive Oyl
88.4%
Owl
87.6%
Ozzy Osbourne
84.5%
Owen Wilson
84.3%
O.J. Simpson
84.3%
Oatmeal
82.6%
Orlando Bloom
78.3%
Ocean's Eleven
70.3%
Odie
68.9%
% Correct
One Hundred and One Dalmatians
68%
Okra
64.4%
Optimus Prime
64.1%
O Brother, Where Art Thou?
60.6%
Opie Taylor
55.9%
Office Space
53.7%
Olivia Benson
50%
Oscar Martinez
44.2%
On the Waterfront
37.9%
Opera Man
31.8%
Omar Little
26.3%
Osmosis Jones
24.4%

You're not logged in!

Compare scores with friends on all Sporcle quizzes.
OR
Log In

You Might Also Like...

Show Comments

Extras

Top Quizzes Today


Score Distribution

Your Account Isn't Verified!

In order to create a playlist on Sporcle, you need to verify the email address you used during registration. Go to your Sporcle Settings to finish the process.

Report this User

Report this user for behavior that violates our Community Guidelines.

Details: